| 000 | 00412nam a22001817a 4500 | ||
|---|---|---|---|
| 003 | NUST | ||
| 020 | _a978-81-317-01034 | ||
| 038 | _akhadija | ||
| 082 |
_a670 _bLIN |
||
| 100 |
_aLindberg, Roy A. _986578 |
||
| 245 | _aProcesses and Materials of Manufacture | ||
| 250 | _a4th ed. | ||
| 260 |
_aNew Delhi: _bPearson, _c2009. |
||
| 300 | _a864 p. ; | ||
| 500 | _aPaperback. | ||
| 563 | _aPB | ||
| 942 |
_cBK _2ddc |
||
| 999 |
_c32787 _d32787 |
||